| 000 | 00852cam a22002415a 4500 | ||
|---|---|---|---|
| 001 | 14863656 | ||
| 005 | 20161010140201.0 | ||
| 008 | 070524s2007 enk frf 001 0 eng d | ||
| 020 | _a9780749449865 | ||
| 040 |
_aDLC _cDLC _dBTCTA _dBAKER _dBWKUK _dYDXCP _dBWK _dDLC _dEG-ScBUE _beng |
||
| 082 | 0 | 4 |
_a658.32 _222 _bARM |
| 100 | 1 |
_aArmstrong, Michael, _d1928- _923156 |
|
| 245 | 1 | 0 |
_aReward management : _ba handbook of remuneration strategy and practice / _cMichael Armstrong and Helen Murlis. |
| 250 | _a5th ed., Rev. ed. | ||
| 260 |
_aLondon ; _aPhiladelphia : _bKogan Page, _c2007. |
||
| 300 |
_axiv, 722 p. ; _c24 cm. |
||
| 500 | _a"In association with HayGroup." | ||
| 500 | _aIndex : p. [714]-722. | ||
| 650 | 0 |
_aCompensation management _vHandbooks, manuals, etc. _2BUEsh |
|
| 653 |
_bBUSADM _cOctober2016 |
||
| 700 | 1 | _aMurlis, Helen. | |
| 942 | _2ddc | ||
| 999 |
_c22489 _d22461 |
||